| 000 | 00783nam a2200181 a 4500 | ||
|---|---|---|---|
| 008 | 120924s2007 ||||||||||||||||| || u | ||
| 020 | _a9788131507728 | ||
| 050 | _aTJ 213 Bar | ||
| 100 | _aBartelt, Terry | ||
| 245 | 1 | 0 |
_aProcess control systems and instrumentation _cby Terry Bartelt |
| 260 |
_aNew Delhi: _bDelmar _c2007 |
||
| 300 | _a297p.: ill. | ||
| 500 | _aDonated by Counsellor Kang'ombe | ||
| 650 | 0 | _aAUTOMATIC CONTROL | |
| 650 | _aENGINEERING INSTRUMENTS | ||
| 995 |
_aMAIN LIBRARY OPEN ACCESS _e743343 _FCBU-MAIN LIBRARY (Kitwe) _jTJ 213 Bar _M2 _UAVAILABLE _WOct 1, 2012 _y743343 _ZMain Library Open Access Collection |
||
| 995 |
_aMAIN LIBRARY OPEN ACCESS _e743342 _FCBU-MAIN LIBRARY (Kitwe) _jTJ 213 Bar _M1 _UAVAILABLE _WOct 1, 2012 _y743342 _ZMain Library Open Access Collection |
||
| 999 |
_c77217 _d77217 |
||